[Event "LSS No Engine Cup 113 Preliminary 6"]
[Site "LSS email"]
[Date "2014.07.06"]
[Round "?"]
[White "Niedziela, Mateusz"]
[Black "Kharchuk, Yurij"]
[Result "0-1"]
[WhiteElo "1152"]
[BlackElo "1484"]
[PlyCount "100"]
[EventDate "2014.07.07"]
[EventType "tourn (corr)"]
[EventRounds "6"]
[EventCountry "GER"]
[SourceTitle "Corr 2015"]
[Source "ChessBase"]
[SourceDate "2015.07.17"]
[SourceVersion "1"]
[SourceVersionDate "2015.07.17"]
[SourceQuality "1"]

1. e4 d6 2. d4 Nf6 3. Nc3 g6 4. f4 Bg7 5. Nf3 0-0 6. Bd3 c5 7. e5 Nfd7 8. dxc5 Nxc5 9. exd6 Qxd6 10. 0-0 Nxd3 11. Qxd3 Qxd3 12. cxd3 Nc6 13. Be3 Rd8 14. Rad1 Bg4 15. h3 Bxf3 16. Rxf3 Rac8 17. Rff1 e6 18. a3 Nd4 19. Kh2 Rd7 20. g3 Rcd8 21. Bxd4 Bxd4 22. Rf3 Rc8 23. Rc1 Rdc7 24. Kg2 Bxc3 25. bxc3 Rxc3 26. Ra1 Rd8 27. d4 Rxf3 28. Kxf3 Rxd4 29. a4 b6 30. a5 b5 31. a6 Rd6 32. Ke4 Rb6 33. Ke5 Kg7 34. g4 f6+ 35. Kd4 b4 36. Kc4 b3 37. Rb1 b2 38. Kc3 f5 39. g5 Kf7 40. Rxb2 Rxb2 41. Kxb2 e5 42. Kc3 exf4 43. Kd4 Ke6 44. Kc5 f3 45. Kc6 f2 46. Kb7 f1Q 47. Kxa7 Qb5 48. h4 Kd7 49. h5 Kc7 50. hxg6 Qb8# 0-1

[Event "LSS No Engine Cup 113 Preliminary 6"]
[Site "LSS email"]
[Date "2014.07.06"]
[Round "?"]
[White "Niedziela, Mateusz"]
[Black "Neumann, Rudolf Phernandes O"]
[Result "1-0"]
[WhiteElo "1152"]
[BlackElo "740"]
[PlyCount "37"]
[EventDate "2014.07.07"]
[EventType "tourn (corr)"]
[EventRounds "6"]
[EventCountry "GER"]
[SourceTitle "Corr 2015"]
[Source "ChessBase"]
[SourceDate "2015.07.17"]
[SourceVersion "1"]
[SourceVersionDate "2015.07.17"]
[SourceQuality "1"]

1. d4 Nf6 2. c4 d5 3. cxd5 Nxd5 4. e4 Nb6 5. Nf3 Bg4 6. Be2 Nc6 7. d5 Bxf3 8. Bxf3 Ne5 9. Be2 c6 10. f4 Ng6 11. 0-0 a6 12. dxc6 bxc6 13. Qxd8+ Kxd8 14. Be3 Nd7 15. Nc3 e6 16. Rfd1 Be7 17. Rac1 h5 18. Na4 Ke8 19. Rxc6 1-0

[Event "LSS No Engine Cup 113 Preliminary 6"]
[Site "LSS email"]
[Date "2014.07.06"]
[Round "?"]
[White "Poblete, Litos"]
[Black "Niedziela, Mateusz"]
[Result "1-0"]
[WhiteElo "1594"]
[BlackElo "1152"]
[PlyCount "59"]
[EventDate "2014.07.07"]
[EventType "tourn (corr)"]
[EventRounds "6"]
[EventCountry "GER"]
[SourceTitle "Corr 2015"]
[Source "ChessBase"]
[SourceDate "2015.07.17"]
[SourceVersion "1"]
[SourceVersionDate "2015.07.17"]
[SourceQuality "1"]

1. d4 d5 2. c4 e6 3. Nc3 Nf6 4. Bg5 Be7 5. cxd5 exd5 6. e3 0-0 7. Bd3 c6 8. Nge2 h6 9. Bh4 Nbd7 10. Qc2 Re8 11. 0-0 a6 12. Rac1 Qb6 13. Rfd1 Ne4 14. Bxe7 Nxc3 15. Nxc3 Rxe7 16. Na4 Qc7 17. b4 Nf6 18. h3 Be6 19. Nc5 Rae8 20. a4 Nd7 21. Rb1 Qc8 22. Rdc1 Kh8 23. Nxe6 Rxe6 24. b5 axb5 25. axb5 R8e7 26. Qa2 Qe8 27. bxc6 bxc6 28. Rb4 Nf6 29. Qb2 Qd7 30. Bf5 1-0

[Event "OP-2014-0-03430"]
[Site "LSS email"]
[Date "2014.07.02"]
[Round "?"]
[White "Nilsson, Bjoern"]
[Black "Niedziela, Mateusz"]
[Result "0-1"]
[WhiteElo "464"]
[BlackElo "1152"]
[PlyCount "76"]
[EventDate "2014.06.27"]
[EventType "tourn (corr)"]
[EventRounds "4"]
[EventCountry "GER"]
[SourceTitle "Corr 2015"]
[Source "ChessBase"]
[SourceDate "2015.07.17"]
[SourceVersion "1"]
[SourceVersionDate "2015.07.17"]
[SourceQuality "1"]

1. Nc3 d5 2. a3 e5 3. d3 Nf6 4. g3 Be7 5. Nf3 Nc6 6. Na2 0-0 7. b3 Bg4 8. h3 Bxf3 9. exf3 Re8 10. g4 Bc5 11. b4 Bb6 12. c3 e4 13. dxe4 dxe4 14. fxe4 Qxd1+ 15. Kxd1 Nxe4 16. Bg2 Nxf2+ 17. Kd2 Nxh1 18. Bxh1 Rad8+ 19. Kc2 Re1 20. Bf3 Be3 21. Bxe3 Rxa1 22. Nc1 Rxa3 23. Kb2 Ra6 24. Be2 Re8 25. Bg5 Rb6 26. h4 Ne5 27. h5 Rbe6 28. Bf1 Nxg4 29. Nd3 Ne3 30. Bh3 Rd6 31. Nc5 b6 32. Nb3 Rd5 33. Bh4 Rxh5 34. Bf2 Nc4+ 35. Kb1 Rxh3 36. Bd4 Rh2 37. Ka1 Re1+ 38. Nc1 Rxc1# 0-1

[Event "BI-2013-P-00016"]
[Site "LSS email"]
[Date "2013.04.22"]
[Round "?"]
[White "Niedziela, Mateusz"]
[Black "Saganauer, Richard"]
[Result "0-1"]
[WhiteElo "1283"]
[BlackElo "2268"]
[PlyCount "22"]
[EventDate "2013.04.25"]
[EventType "tourn (corr)"]
[EventRounds "10"]
[EventCountry "GER"]
[SourceTitle "Corr 2022"]
[Source "ChessBase"]
[SourceDate "2021.10.24"]
[SourceVersion "1"]
[SourceVersionDate "2021.10.24"]
[SourceQuality "1"]

1. e4 c5 2. Nf3 Nc6 3. d4 cxd4 4. Nxd4 Nf6 5. Nc3 e5 6. Ndb5 d6 7. Bg5 a6 8. Na3 Be6 9. Nc4 Rc8 10. Ne3 Be7 11. Bxf6 Bxf6 0-1

[Event "CP-2012-P-00050"]
[Site "LSS email"]
[Date "2012.10.01"]
[Round "?"]
[White "Elias, Benjamim do Vale"]
[Black "Niedziela, Mateusz"]
[Result "1-0"]
[WhiteElo "1965"]
[BlackElo "1147"]
[PlyCount "49"]
[EventDate "2012.10.05"]
[EventType "tourn (corr)"]
[EventRounds "6"]
[EventCountry "GER"]
[SourceTitle "Telechess CBM 161"]
[Source "ChessBase"]
[SourceDate "2014.07.16"]
[SourceVersion "1"]
[SourceVersionDate "2014.07.16"]
[SourceQuality "1"]

1. f4 e5 2. fxe5 d6 3. exd6 Bxd6 4. Nf3 g5 5. g3 g4 6. Nh4 Be7 7. Ng2 h5 8. d4 h4 9. Bf4 hxg3 10. Bxg3 Nf6 11. Nc3 Nh5 12. Bf2 Bd6 13. Qd2 Nc6 14. 0-0-0 Nf6 15. Nf4 Bf5 16. e4 Bd7 17. e5 Kf8 18. exd6 cxd6 19. h3 Rc8 20. Bd3 Qb6 21. hxg4 Rxh1 22. Rxh1 Nxg4 23. Rh8+ Kg7 24. Rh7+ Kf8 25. Ng6+ 1-0

[Event "LSS No Engine Cup 69 Preliminary 2"]
[Site "LSS email"]
[Date "2012.07.19"]
[Round "?"]
[White "Niedziela, Mateusz"]
[Black "Stevens, Michael"]
[Result "0-1"]
[WhiteElo "1235"]
[BlackElo "1499"]
[PlyCount "48"]
[EventDate "2012.07.20"]
[EventType "tourn (corr)"]
[EventRounds "6"]
[EventCountry "GER"]
[SourceTitle "Telechess CBM 163"]
[Source "ChessBase"]
[SourceDate "2014.11.11"]
[SourceVersion "2"]
[SourceVersionDate "2014.11.11"]
[SourceQuality "1"]

1. d4 Nf6 2. Nf3 e6 3. e3 b6 4. Be2 Bb7 5. 0-0 Be7 6. c4 0-0 7. Nc3 d5 8. Bd2 dxc4 9. Bxc4 c5 10. Qe2 a6 11. Rfd1 cxd4 12. Nxd4 b5 13. Bxe6 b4 14. Na4 fxe6 15. Qc4 Bd5 16. Qc2 Nbd7 17. Nc6 Rc8 18. Nxe7+ Qxe7 19. Qd3 Ng4 20. f3 Qh4 21. h3 Qg3 22. hxg4 Ne5 23. Qxa6 Nxf3+ 24. Kf1 Nd4+ 0-1

[Event "LSS No Engine Cup 65 Preliminary 5"]
[Site "LSS email"]
[Date "2012.05.06"]
[Round "?"]
[White "Niedziela, Mateusz"]
[Black "Digalakis, Georgios"]
[Result "1/2-1/2"]
[WhiteElo "1272"]
[BlackElo "1581"]
[PlyCount "51"]
[EventDate "2012.05.07"]
[EventType "tourn (corr)"]
[EventRounds "6"]
[EventCountry "GER"]
[SourceTitle "Telechess CBM 155"]
[Source "ChessBase"]
[SourceDate "2013.07.16"]
[SourceVersion "1"]
[SourceVersionDate "2013.07.16"]
[SourceQuality "1"]

1. c4 Nf6 2. Nc3 e6 3. e4 Nc6 4. Nf3 e5 5. d4 exd4 6. Nxd4 Nxd4 7. Qxd4 d6 8. Bg5 Be7 9. Be2 h6 10. Be3 0-0 11. 0-0 Ng4 12. Bxg4 Bxg4 13. f3 Bf6 14. Qd2 Be6 15. b3 Qe7 16. Bd4 c6 17. Bxf6 Qxf6 18. Rac1 Rad8 19. Rfd1 Rd7 20. Qd4 Qxd4+ 21. Rxd4 f6 22. Rcd1 Rfd8 23. Kf2 Kf7 24. h3 Ke7 25. Ke2 h5 26. h4 1/2-1/2

[Event "LSS No Engine Cup 65 Preliminary 5"]
[Site "LSS email"]
[Date "2012.05.06"]
[Round "?"]
[White "Niedziela, Mateusz"]
[Black "Gonzalez, Roberto Enrique"]
[Result "1/2-1/2"]
[WhiteElo "1272"]
[BlackElo "1151"]
[PlyCount "60"]
[EventDate "2012.05.07"]
[EventType "tourn (corr)"]
[EventRounds "6"]
[EventCountry "GER"]
[SourceTitle "Telechess CBM 155"]
[Source "ChessBase"]
[SourceDate "2013.07.16"]
[SourceVersion "1"]
[SourceVersionDate "2013.07.16"]
[SourceQuality "1"]

1. e4 c5 2. Nf3 d6 3. Bc4 Nc6 4. h3 Nf6 5. Nc3 a6 6. a3 e6 7. 0-0 Be7 8. d3 0-0 9. Bf4 b5 10. Bb3 Bb7 11. Re1 Qb6 12. Be3 Rfd8 13. Qe2 d5 14. exd5 exd5 15. Bd2 c4 16. Ba2 Bd6 17. Bg5 Re8 18. Qd2 Ne5 19. Nxe5 Bxe5 20. Rad1 Qc6 21. Bxf6 Bxf6 22. dxc4 dxc4 23. Rxe8+ Rxe8 24. f3 h6 25. Re1 Rxe1+ 26. Qxe1 Bd4+ 27. Kh1 Qf6 28. Qe8+ Kh7 29. Ne4 Bxe4 30. Qxe4+ g6 1/2-1/2

[Event "BI-2012-P-00011"]
[Site "LSS email"]
[Date "2012.04.20"]
[Round "?"]
[White "Alvarez Castillo, Hector Adrian"]
[Black "Niedziela, Mateusz"]
[Result "1-0"]
[WhiteElo "1906"]
[BlackElo "1235"]
[PlyCount "107"]
[EventDate "2012.04.22"]
[EventType "tourn (corr)"]
[EventRounds "10"]
[EventCountry "GER"]
[SourceTitle "Telechess CBM 165"]
[Source "ChessBase"]
[SourceDate "2015.03.11"]
[SourceVersion "1"]
[SourceVersionDate "2015.03.11"]
[SourceQuality "1"]

1. c4 Nf6 2. Nc3 g6 3. e4 d6 4. g3 c5 5. Bg2 Nc6 6. Nge2 Bg7 7. d4 cxd4 8. Nxd4 Bd7 9. Nc2 0-0 10. 0-0 Rc8 11. b3 Ne8 12. Bb2 Qa5 13. Qd2 Nc7 14. Ne3 b5 15. Rfd1 bxc4 16. Nxc4 Qh5 17. Nd5 Bxb2 18. Nf4 Qc5 19. Qxb2 f6 20. Rac1 Qb5 21. Qd2 Ne6 22. Qd5 Qxd5 23. exd5 Nxf4 24. dxc6 Ne2+ 25. Kf1 Nxc1 26. cxd7 Rcd8 27. Rxc1 Rxd7 28. Bd5+ Kg7 29. Re1 Rc7 30. Be6 Rc5 31. b4 Rc7 32. Kg2 Rb8 33. Ne3 Rbb7 34. a4 Rc3 35. b5 Ra3 36. Nd5 Kf8 37. Bc8 Rb8 38. Ba6 Re8 39. Bb7 Rd3 40. Bc6 Rb8 41. Nxe7 f5 42. Nd5 Rd2 43. Nf6 Kg7 44. Nd7 Rd8 45. Re7+ Kh6 46. Nf6 Rh8 47. h4 Rd4 48. Rxa7 Rb4 49. a5 Rb2 50. b6 Rb4 51. b7 Rb8 52. Nd7 Rd8 53. a6 Rb2 54. Ra8 1-0

[Event "RD-2011-0-00064"]
[Site "LSS email"]
[Date "2012.02.12"]
[Round "?"]
[White "Taroma Corpus, Roger"]
[Black "Niedziela, Mateusz"]
[Result "1-0"]
[WhiteElo "1563"]
[BlackElo "1295"]
[PlyCount "49"]
[EventDate "2011.12.12"]
[EventType "tourn (corr)"]
[EventRounds "6"]
[EventCountry "GER"]
[SourceTitle "Corr 2015"]
[Source "ChessBase"]
[SourceDate "2015.07.17"]
[SourceVersion "1"]
[SourceVersionDate "2015.07.17"]
[SourceQuality "1"]

1. e4 c5 2. Nf3 g6 3. d4 cxd4 4. Nxd4 Bg7 5. c4 Nc6 6. Be3 Nf6 7. Nc3 0-0 8. Be2 d6 9. Rc1 Ng4 10. Bxg4 Bxd4 11. Bxd4 Bxg4 12. Qxg4 Nxd4 13. 0-0 Qc8 14. Qd1 Nc6 15. f4 Qd8 16. f5 Qb6+ 17. Rf2 Ne5 18. Nd5 Qd8 19. Qd4 Nc6 20. Qc3 Rc8 21. f6 e6 22. Qd2 Kh8 23. Rc3 g5 24. Qxg5 Rg8 25. Qh4 1-0

[Event "RD-2011-0-00064"]
[Site "LSS email"]
[Date "2012.02.11"]
[Round "?"]
[White "Niedziela, Mateusz"]
[Black "Csaba, Fodor"]
[Result "0-1"]
[WhiteElo "1295"]
[BlackElo "1387"]
[PlyCount "54"]
[EventDate "2011.12.12"]
[EventType "tourn (corr)"]
[EventRounds "6"]
[EventCountry "GER"]
[SourceTitle "Corr 2015"]
[Source "ChessBase"]
[SourceDate "2015.07.17"]
[SourceVersion "1"]
[SourceVersionDate "2015.07.17"]
[SourceQuality "1"]

1. d4 d5 2. c4 e6 3. Nc3 Nf6 4. Bg5 Nbd7 5. e3 Be7 6. Nf3 0-0 7. Bd3 c6 8. Rc1 dxc4 9. Bxc4 Nd5 10. Bxe7 Qxe7 11. 0-0 Nxc3 12. Rxc3 e5 13. dxe5 Nxe5 14. Nxe5 Qxe5 15. f4 Qe4 16. Kh1 Bh3 17. Qf3 Qxf3 18. Rxf3 Bf5 19. Rb3 b6 20. Ba6 Rad8 21. h3 b5 22. Bb7 Be4 23. Rf1 Rd2 24. Rg1 f5 25. Ra3 Rf6 26. Rxa7 Rg6 27. Kh2 Rxb2 0-1

[Event "OP-2012-0-02060"]
[Site "LSS email"]
[Date "2012.02.11"]
[Round "?"]
[White "Niedziela, Mateusz"]
[Black "Smith, Douglas Royston"]
[Result "0-1"]
[WhiteElo "1292"]
[BlackElo "1716"]
[PlyCount "34"]
[EventDate "2012.02.08"]
[EventType "tourn (corr)"]
[EventRounds "4"]
[EventCountry "GER"]
[SourceTitle "Corr 2015"]
[Source "ChessBase"]
[SourceDate "2015.07.17"]
[SourceVersion "1"]
[SourceVersionDate "2015.07.17"]
[SourceQuality "1"]

1. Nf3 g6 2. d4 Bg7 3. e4 c6 4. c4 d6 5. Be2 Nd7 6. 0-0 Ngf6 7. Nc3 0-0 8. Bg5 e5 9. dxe5 Nxe5 10. c5 h6 11. Bxf6 Nxf3+ 12. Bxf3 Qxf6 13. Qxd6 Qxd6 14. cxd6 Rd8 15. Rad1 Be5 16. Rd3 Be6 17. a3 Bc4 0-1